| 000 | 00561nam a2200169Ia 4500 | ||
|---|---|---|---|
| 005 | 20250508160005.0 | ||
| 008 | 008 250505s9999 xx 000 0 eng d | ||
| 037 | _aBooks to be hide in OPAC | ||
| 040 |
_aFEDL _beng _cFEDL |
||
| 041 |
_aeng _2eng |
||
| 084 |
_a379.541 2, BIH _qFEDL |
||
| 245 | 0 | _aFourth quinquennial review of the progress of education in Bihar and Orissa: Dealing with the period from April 1st, 1927 to March 31st, 1932 | |
| 260 | _c1932 | ||
| 300 | _a107p. | ||
| 942 |
_cHB _h379.541 2, BIH |
||
| 999 |
_c1360770 _d1360770 |
||